Clinical neurodynamics : (Post nr. 1288)

MARC-detaljer
000 -LEADER
fixed length control field 01052cam a22003137i 4500
001 - CONTROL NUMBER
control field 65902
005 - DATE AND TIME OF LATEST TRANSACTION
control field 20200226102307.0
008 - FIXED-LENGTH DATA ELEMENTS--GENERAL INFORMATION
fixed length control field 050527s2005 xxka 000 0 eng d
020 ## - INTERNATIONAL STANDARD BOOK NUMBER
International Standard Book Number 0-7506-5456-2
020 ## - INTERNATIONAL STANDARD BOOK NUMBER
International Standard Book Number 978-0-7506-5456-2
035 ## - SYSTEM CONTROL NUMBER
System control number (SE-LIBR)9889942
060 ## - NATIONAL LIBRARY OF MEDICINE CALL NUMBER
Classification number WE 550
082 04 - DEWEY DECIMAL CLASSIFICATION NUMBER
Classification number 616.7062
Edition number 22
100 1# - MAIN ENTRY--PERSONAL NAME
Personal name Shacklock, Michael
245 00 - TITLE STATEMENT
Title Clinical neurodynamics :
Remainder of title a new system of musculoskeletal treatment /
Statement of responsibility, etc. Michael Shacklock
260 ## - PUBLICATION, DISTRIBUTION, ETC.
Name of publisher, distributor, etc. Edinburgh :
-- Elsevier Butterworth Heinemann,
Date of publication, distribution, etc. 2005
300 ## - PHYSICAL DESCRIPTION
Extent 251 s. :
Other physical details ill. :
Accompanying material CD-ROM
650 #2 - SUBJECT ADDED ENTRY--TOPICAL TERM
Topical term or geographic name entry element musculoskeletal diseases
650 #2 - SUBJECT ADDED ENTRY--TOPICAL TERM
Topical term or geographic name entry element musculoskeletal manipulations
650 #2 - SUBJECT ADDED ENTRY--TOPICAL TERM
Topical term or geographic name entry element physical therapy modalities
653 ## - INDEX TERM--UNCONTROLLED
Uncontrolled term Physical therapy
950 ## - LOCAL HOLDINGS (RLIN)
-- 650
950 ## - LOCAL HOLDINGS (RLIN)
-- 650
950 ## - LOCAL HOLDINGS (RLIN)
-- 650
950 ## - LOCAL HOLDINGS (RLIN)
-- 650
950 ## - LOCAL HOLDINGS (RLIN)
-- 650
950 ## - LOCAL HOLDINGS (RLIN)
-- 650

Inga exemplar finns tillgängliga.

Medicinska biblioteket, Karlskoga lasarett
Måndag och onsdag: 10.00-14.30, Lunchstängt 11.30-12.00.
Fredagar: 10.00-12.00.

Madelene Ribbing, bibliotekarie
Lena Mileraux, biblioteksassistent/administratör
0586-664 49
medbibl.kgalas@regionorebrolan.se




Medicinska biblioteket, Lindesbergs lasarett
Dörren till bibliotket är upplåst mellan 07-16:00 på vardagar.
Dörren i hisshallen är öppen måndag - tosdag 7.00 - 15.00. Fredagar stängt.

Bibliotekets bemanning:
Mån: självbetjäning
Tis, ons och tors: 10-15
Fre: självbetjäning

Madelene Ribbing, bibliotekarie
Telefon: 0581-853 11, 072-14 77 552
medbibl.lbglas@regionorebrolan.se